|
|
|
|
| LEADER |
00000nab a2200000 a 4500 |
| 001 |
vtls000042912 |
| 003 |
SK-MaSNL |
| 005 |
20260304062217.0 |
| 008 |
250422c1979 xo 0 slo |
| 015 |
|
|
|a SNBRB19rr/mm-uuuuu
|
| 035 |
|
|
|a CL0053007
|
| 035 |
|
|
|a urn:nbn:sk:snk-ab14i
|
| 035 |
|
|
|a (urnnbn)urn:nbn:sk:snk:ar-0054g4
|
| 035 |
|
|
|a (uuid)ed298889-1799-44c2-a6dc-98963d9fa3c7
|
| 040 |
|
|
|a SNKBUCL
|b slo
|c SNKBUCL
|e AACR2
|
| 041 |
0 |
|
|a slo
|
| 044 |
|
|
|a xo
|c SK
|
| 080 |
|
|
|a 730
|2 1981
|
| 080 |
|
|
|a 92 Kulich, Ján
|2 1981
|
| 100 |
1 |
|
|a Petránsky, Ľudovít,
|d 1943-2021
|4 aut
|9 92780
|
| 245 |
1 |
0 |
|a Ján Kulich národným umelcom
|c Ľudo Petránsky
|
| 300 |
|
|
|b Obr. 5.
|
| 600 |
1 |
7 |
|a Kulich, Ján,
|d 1930-2015
|2 snkbucl
|9 159689
|
| 655 |
|
7 |
|a články z novín a časopisov
|2 snkbucl
|9 267496
|
| 773 |
0 |
|
|t Výtvarný život
|g Roč. 24, č. 8 (1979), s. 18-20
|
| 850 |
|
|
|a Slovenská národná knižnica
|
| 852 |
|
|
|a Slovenská národná knižnica
|
| 954 |
|
|
|a odborná, vedecká literatúra pôvodná (slovenská)
|2 lita
|
| 958 |
|
|
|a article27
|
| 958 |
|
|
|a RK
|
| 958 |
|
|
|a OND
|
| 958 |
|
|
|a EUIPO
|
| 992 |
|
|
|a RBX
|
| 999 |
|
|
|c 2736992
|d 2738922
|